00597nam a2200169Ia 4500003000900000008004100009020002200050040001600072080002500088100001800113245014300131260007200274300002300346650002000369700001900389700001900408IN-BaIIA211028s9999 xx 000 0 eng d a978-0-8194-7230-4 cIIA Library a535(082.1)bSPI-7020 aDuncan , W. D 0aMillimeter and submillimeter detectors and instrumentation for astronomy IVcWilliam D. Duncan, Wayne S. Holland and Stafford Withington  aWashingtonbThe International Society for Optical Engineeringc2008 a[various pagings.] aInstrumentation aHolland, W. S. aWithington, S.